banner-ar

تفتيت السودان : (Record no. 61632)

MARC details
000 -الفاتح
حقل البيانات ثابتة الطول 01037nam a22002537a 4500
005 - وقت وتاريخ اخر تعامل مع التسجيلة
رقم الضبط 20240530110509.0
008 - عناصر البيانات ثابتة الطول - معلومات عامة
حقل البيانات ثابتة الطول 151026s2010 ua a g 000 0 ara d
017 ## - رقم الايداع القانونى
رقم الايداع القانونى 2010/17360
المصدر ( الهيئة المختصة) مصر . دار الكتب المصرية
040 ## - مصدر الفهرسة
وكالة الفهرسة الأصلية EG-CaGPL
082 04 - رقم تصنيف ديوى العشرى
رقم الطبعة 21
رقم التصنيف 962.4\
رقم المادة م ت
100 0# - المدخل الرئيسى - إسم شخصى
الإسم الشخصى محمد نعيم .
245 10 - بيان العنوان
العنوان تفتيت السودان :
بقية العنوان الحقيقة : الخيال و المسئولية /
بيان المسئوليه,etc تاليف محمد نعيم .
250 ## - بيان الطبعة
بيان الطبعة ط1.
260 ## - PUBLICATION, DISTRIBUTION, ETC. (IMPRINT)
تاريخ النشر أو التوزيع 2010 .
300 ## - الوصف المادى
التعداد 384 ص ؛
أبعاد الوعاء 24 سم .
650 04 - المدخل الاضافى بالموضوع-مصطلح موضوعى
مصطلح موضوعي اتفاقية السلام .
651 04 - المدخل الاضافى بالموضوع - اسم جغرافى
الاسم الجغرافي السودان .
651 04 - المدخل الاضافى بالموضوع - اسم جغرافى
الاسم الجغرافي السودان
التقسيم الفرعي العام تاريخ
التقسيم الفرعي الزمني العصر الحديث .
651 04 - المدخل الاضافى بالموضوع - اسم جغرافى
الاسم الجغرافي السودان
التقسيم الفرعي العام الخطاب السياسى .
651 04 - المدخل الاضافى بالموضوع - اسم جغرافى
الاسم الجغرافي السودان
التقسيم الفرعي العام الفساد السياسى .
651 04 - المدخل الاضافى بالموضوع - اسم جغرافى
الاسم الجغرافي السودان
التقسيم الفرعي العام علاقات خارجية
التقسيم الفرعي الجغرافي الولايات المتحدة الامريكية .
942 ## - عناصر المدخل الإضافي( كوها)
مصدر التصنيف او مخطط الترفيف Dewey Decimal Classification
Koha [default] item type كتاب
260 ## - PUBLICATION, DISTRIBUTION, ETC. (IMPRINT)
-- القاهرة :
-- مكتبة جزيرة الورد ،
Holdings
حالة التراجع حالة الفقد حالة تلف ليس للاعارة المكان المؤقت الموقع الحالى تاريخ الاكتساب اجمالي اﻻعارات رقم الطلب الباركود تاريخ اخر مشاهدة تاريخ تفعيل السعر نوع وعاء كوها
        مكتبة القاهرة الكبرى مكتبة القاهرة الكبرى 10/26/2015   962.4\ م ت 160979 10/26/2015 10/26/2015 كتاب

Powered By

EGPV